| 000 | 00801nam a2200241 i 4500 | ||
|---|---|---|---|
| 001 | 27163 | ||
| 003 | ES-MaACL | ||
| 005 | 20230906153554.0 | ||
| 007 | t| | ||
| 008 | 030113s1986 sp ||||1| spa d | ||
| 020 | _a84-206-2474-8 | ||
| 100 | 1 |
_aAxelrod, Robert. _924099 |
|
| 245 | 1 | 3 |
_aLa evolución de la cooperación _b: el dilema del prisionero y la teoría de juegos / _cRobert Axelrod ; versión española de Luis Bou. |
| 260 |
_aMadrid : _bAlianza, _c[1986] |
||
| 300 |
_a211 p. ; _c20 cm. |
||
| 490 | 1 |
_aAlianza universidad. Ciencias sociales ; _v474 |
|
| 500 | _aIndice. | ||
| 504 | _aBibliografía. | ||
| 700 | 1 |
_aBou García, Luis. _930816 |
|
| 830 | 0 |
_aAlianza universidad. Ciencias sociales ; _v474 _9178277 |
|
| 852 |
_aES-MaACL _jL-11849 _bR.114080 |
||
| 999 |
_c27163 _d27163 |
||